[Event "Balkan Youth Online-ch 2020"]
[Site "Online"]
[Date "2020.10.31"]
[Round "4.20"]
[White "Dragicevic, Niksa"]
[Black "Ramaj, Ergit"]
[Result "0-1"]
[WhiteElo "1068"]
[BlackElo "1444"]
[Annotator "NA RC"]
[PlyCount "86"]
[EventDate "2020.10.31"]
[EventType "swiss"]
[SourceTitle "playchess.com"]
[Source "ChessBase"]
[SourceQuality "1"]
[TimeControl "1500+5"]

1. e4 {[%emt 0:00:00]} Nf6 {[%emt 0:00:04]} 2. Nc3 {[%emt 0:00:00]} d5 {[%emt 0:00:00]} 3. exd5 {[%emt 0:00:00]} Nxd5 {[%emt 0:00:00]} 4. Bc4 {[%emt 0:00:17]} Nxc3 {[%emt 0:00:09]} 5. bxc3 {[%emt 0:00:00]} e6 {[%emt 0:00:00]} 6. d4 {[%emt 0:00:03]} Bd6 {[%emt 0:00:03]} 7. Nf3 {[%emt 0:00:02]} O-O {[%emt 0:00:01]} 8. O-O {[%emt 0:00:00]} b6 {[%emt 0:00:08]} 9. Qd3 {[%emt 0:00:12]} Bb7 {[%emt 0:00:44]} 10. Bg5 {[%emt 0:01:24]} Be7 {[%emt 0:00:31]} 11. Bf4 {[%emt 0:00:19]} c5 {[%emt 0:00:41]} 12. Rad1 {[%emt 0:01:41]} Qc8 {[%emt 0:03:02]} 13. Bb3 {[%emt 0:02:02]} Rd8 {[%emt 0:00:39]} 14. Qe3 {[%emt 0:00:32]} Ba6 {[%emt 0:02:07]} 15. c4 {[%emt 0:00:10]} cxd4 {[%emt 0:00:15]} 16. Rxd4 {[%emt 0:00:27]} Rxd4 {[%emt 0:00:30]} 17. Qxd4 {[%emt 0:00:00]} Nc6 {[%emt 0:00:05]} 18. Qe4 {[%emt 0:00:27]} Na5 {[%emt 0:00:59]} 19. Nd2 {[%emt 0:01:06]} Bf6 {[%emt 0:01:04]} 20. Qf3 {[%emt 0:01:00]} Nc6 {[%emt 0:02:44]} 21. Be3 {[%emt 0:01:34]} Bb7 {[%emt 0:00:49]} 22. Qe2 {[%emt 0:01:23]} Bd4 {[%emt 0:00:18]} 23. Qd3 {[%emt 0:01:25]} Bxe3 {[%emt 0:00:26]} 24. Qxe3 {[%emt 0:00:22]} Ne7 {[%emt 0:00:13]} 25. c3 {[%emt 0:01:03]} Qc6 {[%emt 0:00:20]} 26. Qf3 {[%emt 0:00:18]} Qxf3 {[%emt 0:00:31]} 27. Nxf3 {[%emt 0:00:00]} Bxf3 {[%emt 0:00:13]} 28. gxf3 {[%emt 0:00:00]} Rd8 {[%emt 0:00:00]} 29. Rd1 {[%emt 0:00:00]} Rxd1+ {[%emt 0:00:07]} 30. Bxd1 {[%emt 0:00:00]} Nc6 {[%emt 0:00:00]} 31. Be2 {[%emt 0:00:00]} Kf8 {[%emt 0:00:00]} 32. Kg2 {[%emt 0:00:00]} Ke7 {[%emt 0:00:00]} 33. Kg3 {[%emt 0:00:00]} Kd6 {[%emt 0:00:00]} 34. Kf4 {[%emt 0:00:00]} Kc5 {[%emt 0:00:00]} 35. Ke4 {[%emt 0:00:08]} Na5 {[%emt 0:00:04]} 36. Kd3 {[%emt 0:00:22]} Nxc4 {[%emt 0:00:02]} 37. Kc2 {[%emt 0:00:00]} b5 {[%emt 0:00:08]} 38. Bd3 {[%emt 0:00:00]} f5 {[%emt 0:00:14]} 39. f4 {[%emt 0:00:08]} Nb6 {[%emt 0:00:00]} 40. Kd2 {[%emt 0:00:22]} Nd5 {[%emt 0:00:00]} 41. Be2 {[%emt 0:00:08]} Nxf4 {[%emt 0:00:00]} 42. Bf3 {[%emt 0:00:00]} e5 {[%emt 0:00:00]} 43. Bh5 {[%emt 0:00:00]} Nxh5 {[%emt 0:00:00]} 0-1

[Event "Balkan Youth Online-ch 2020"]
[Site "Online"]
[Date "2020.10.31"]
[Round "4.21"]
[White "Milovic, Ilija"]
[Black "Cvetkovski, Gjorgji"]
[Result "0-1"]
[WhiteElo "1044"]
[BlackElo "1332"]
[Annotator "NA RC"]
[PlyCount "100"]
[EventDate "2020.10.31"]
[EventType "swiss"]
[SourceTitle "playchess.com"]
[Source "ChessBase"]
[SourceQuality "1"]
[TimeControl "1500+5"]

1. e4 {[%emt 0:00:00]} e5 {[%emt 0:00:06]} 2. f4 {[%emt 0:00:00]} Bc5 {[%emt 0:00:00]} 3. Nf3 {[%emt 0:00:00]} d6 {[%emt 0:00:00]} 4. Bc4 {[%emt 0:00:05]} Nf6 {[%emt 0:01:09]} 5. d3 {[%emt 0:00:08]} Nc6 {[%emt 0:00:00]} 6. Nc3 {[%emt 0:00:07]} O-O {[%emt 0:00:04]} 7. a3 {[%emt 0:00:01]} Bg4 {[%emt 0:00:00]} 8. h3 {[%emt 0:00:03]} Bxf3 {[%emt 0:00:15]} 9. Qxf3 {[%emt 0:00:02]} Nd4 {[%emt 0:00:01]} 10. Qd1 {[%emt 0:00:16]} c6 {[%emt 0:00:36]} 11. b4 {[%emt 0:00:12]} Bb6 {[%emt 0:00:02]} 12. Bb2 {[%emt 0:00:07]} d5 {[%emt 0:00:12]} 13. exd5 {[%emt 0:00:20]} cxd5 {[%emt 0:00:00]} 14. Bb5 {[%emt 0:00:14]} a6 {[%emt 0:00:15]} 15. Ba4 {[%emt 0:00:00]} e4 {[%emt 0:00:22]} 16. dxe4 {[%emt 0:00:02]} dxe4 {[%emt 0:00:05]} 17. Ne2 {[%emt 0:00:05]} Nxe2 {[%emt 0:00:34]} 18. Qxd8 {[%emt 0:00:07]} Raxd8 {[%emt 0:00:02]} 19. Kxe2 {[%emt 0:00:02]} Ba7 {[%emt 0:00:06]} 20. Bxf6 {[%emt 0:00:07]} gxf6 {[%emt 0:00:00]} 21. Rad1 {[%emt 0:00:05]} b5 {[%emt 0:00:00]} 22. Bb3 {[%emt 0:00:12]} Rfe8 {[%emt 0:01:28]} 23. Rxd8 {[%emt 0:00:06]} Rxd8 {[%emt 0:00:00]} 24. Rd1 {[%emt 0:00:00]} Rxd1 {[%emt 0:00:20]} 25. Kxd1 {[%emt 0:00:00]} Kf8 {[%emt 0:00:02]} 26. c4 {[%emt 0:00:00]} bxc4 {[%emt 0:00:09]} 27. Bxc4 {[%emt 0:00:00]} Be3 {[%emt 0:00:05]} 28. f5 {[%emt 0:00:00]} Ke7 {[%emt 0:00:01]} 29. Bxa6 {[%emt 0:00:01]} Kd6 {[%emt 0:00:00]} 30. a4 {[%emt 0:00:14]} Ke5 {[%emt 0:00:03]} 31. a5 {[%emt 0:00:23]} Kxf5 {[%emt 0:00:16]} 32. b5 {[%emt 0:00:00]} Ke5 {[%emt 0:00:04]} 33. b6 {[%emt 0:00:00]} Kd6 {[%emt 0:00:00]} 34. Bb7 {[%emt 0:00:19]} f5 {[%emt 0:00:10]} 35. g4 {[%emt 0:00:11]} Ke5 {[%emt 0:00:13]} 36. gxf5 {[%emt 0:00:20]} Kxf5 {[%emt 0:00:02]} 37. Bc8+ {[%emt 0:00:02]} Ke5 {[%emt 0:00:02]} 38. Ke2 {[%emt 0:00:15]} Bc5 {[%emt 0:00:05]} 39. b7 {[%emt 0:00:25]} Ba7 {[%emt 0:00:01]} 40. a6 {[%emt 0:00:15]} f5 {[%emt 0:00:00]} 41. Bd7 {[%emt 0:00:07]} f4 {[%emt 0:00:02]} 42. Bb5 {[%emt 0:00:05]} f3+ {[%emt 0:00:25]} 43. Kf1 {[%emt 0:00:27]} Kf4 {[%emt 0:00:00]} 44. h4 {[%emt 0:00:50]} Kg3 {[%emt 0:00:42]} 45. Bc6 {[%emt 0:00:25]} e3 {[%emt 0:00:01]} 46. Bxf3 {[%emt 0:00:29]} Kxf3 {[%emt 0:00:00]} 47. h5 {[%emt 0:00:07]} h6 {[%emt 0:00:04]} 48. Kg1 {[%emt 0:00:46]} e2+ {[%emt 0:00:34]} 49. Kh2 {[%emt 0:00:11]} e1=Q {[%emt 0:00:01]} 50. Kh3 {[%emt 0:00:11]} Qg3# {[%emt 0:00:00]} 0-1

[Event "Balkan Youth Online-ch 2020"]
[Site "Online"]
[Date "2020.10.31"]
[Round "4.23"]
[White "Makridis, Dimitrios"]
[Black "Creanga, Robert-Ionut"]
[Result "1-0"]
[WhiteElo "2226"]
[BlackElo "2053"]
[Annotator "TA"]
[PlyCount "47"]
[EventDate "2020.10.31"]
[EventType "swiss"]
[SourceTitle "playchess.com"]
[Source "ChessBase"]
[SourceQuality "1"]

{[%evp 14,47,14,8,0,-62,-62,-53,-49,-51,-13,-40,50,47,41,45,52,50,381,395,478,482,532,529,774,775,766,744,1737,1730,29989,5910,1733,1692,1703,1677]} 1. e4 d6 2. d4 Nf6 3. Nc3 g6 4. f4 Bg7 5. Nf3 O-O 6. Bd3 Nbd7 7. O-O e5 8. fxe5 dxe5 {B09: Pirc Defence: Austrian Attack.} 9. Bg5 (9. d5 $11) 9... exd4 $15 {[#]} 10. Nxd4 $146 ({Predecessor:} 10. Nb5 h6 11. Bh4 g5 12. Bg3 Ne8 13. Nbxd4 g4 14. Bh4 Bf6 15. Bxf6 Ndxf6 16. e5 gxf3 17. Nxf3 {1-0 (25) Fongers,J-Schultz,E Rimavska Sobota 1996}) 10... h6 {Black is slightly better.} 11. Bh4 Ne5 12. Nf3 g5 ({Black should play} 12... c6 $15) 13. Nxe5 $14 {Strongly threatening Bg3.} Qd4+ 14. Kh1 Qxe5 15. Bg3 $36 {[%mdl 2048] White has some pressure.} Qe7 $2 {[%mdl 8192] This move loses the game for Black.} ({Better is} 15... Qc5 $14) 16. e5 $18 Ng4 17. Nd5 Qd8 {[#]} 18. Qf3 $1 {[%cal Rf3e4] And now Qe4 would win.} Bxe5 19. Bxe5 Nxe5 20. Qe4 {[%csl Gd3][%cal Re4h7]} Ng6 21. Rf6 {Rxg6+ would kill now.} Kh7 {[#]} 22. Rxf7+ $1 {[%mdl 512]} Rxf7 23. Qxg6+ {[%mdl 64] Double Attack} Kh8 24. Qxf7 {Av CentiPawn Loss W=-72/B=84. Weighted=-36/-20} 1-0

[Event "Balkan Youth Online-ch 2020"]
[Site "Online"]
[Date "2020.10.31"]
[Round "4.24"]
[White "Yavuz, Efe Metehan"]
[Black "Stefanou, Dimitrios"]
[Result "0-1"]
[WhiteElo "1981"]
[BlackElo "2099"]
[Annotator "TA"]
[PlyCount "116"]
[EventDate "2020.10.31"]
[EventType "swiss"]
[SourceTitle "playchess.com"]
[Source "ChessBase"]
[SourceQuality "1"]

{[%evp 14,115,37,37,38,11,34,-34,-41,-74,-71,-60,-72,-140,-119,-153,-94,-76,-43,-35,-36,-51,-37,-43,-29,-52,0,-92,-87,-86,-77,-84,-56,-57,-51,-56,-50,-58,-60,-66,7,6,7,10,49,-9,0,-36,-20,-39,-35,-37,0,-95,-77,-97,-77,-70,-71,-97,-70,-69,-71,-93,-22,-712,-676,-1110,-1064,-29988,-29987,-29989,-1128,-29985,-29986,-29986,-29987,-29986,-29987,-29989,-29990,-29990,-29989,-29989,-29989,-29988,-29983,-29988,-29989,-29989,-29989,-29989,-29990,-29989,-29990,-29995,-29995,-29996,-29997,-29997,-29998,-29998,-29999,-29999]} 1. e4 e5 2. Nc3 Nf6 3. g3 Nc6 {[%cal Bb8c6,Bc6d4,Bd4e2][%mdl 32]} 4. Bg2 g6 5. d3 Bg7 6. Nge2 O-O 7. O-O d6 8. f4 Nd4 {B06: Modern Defence.} 9. h3 {[#]} Nxe2+ $146 ({Predecessor:} 9... c5 10. g4 Bd7 11. fxe5 dxe5 12. Bg5 Ne6 13. Bh4 g5 14. Bf2 Rc8 15. Ng3 Nf4 16. Nce2 {0-1 (42) Scarani,A (2262)-Rooms,T (2333) ICCF email 2001}) 10. Qxe2 (10. Nxe2 $14 b6 11. f5) 10... Nh5 $15 {Black is slightly better.} 11. Qf2 exf4 $1 12. gxf4 f5 13. Be3 ({White should try} 13. Ne2) 13... fxe4 $17 14. dxe4 {[#]} Be6 (14... Nxf4 $142 $1 {[%mdl 512]} 15. Bxf4 g5) 15. Qd2 Qd7 16. Rf3 Rf7 17. Raf1 Raf8 18. R1f2 a6 19. b3 Qc6 (19... Qe8 $15) 20. Nd5 (20. Ne2 $1 $11 {keeps the balance.}) 20... Bxd5 21. exd5 Qd7 22. Bf1 Bh6 23. Bd3 Ng7 24. Rg2 Nf5 25. Bf2 Ne7 {[%cal Rh6f4]} 26. Rg4 Nxd5 (26... c6 $15 27. c4 cxd5 28. cxd5 Bg7) 27. Bxg6 $1 $11 hxg6 28. Qxd5 Kh7 29. Rfg3 ({Better is} 29. Qxb7 $14 Rxf4 30. Rgxf4 Rxf4 31. Rxf4 Bxf4 32. Kg2) 29... Rf5 30. Qd3 R8f6 31. Bd4 Re6 32. Be3 Qe8 33. h4 (33. c4 $11) 33... Qf7 34. Rf3 b5 35. c4 bxc4 36. bxc4 c5 37. Kg2 Qb7 38. Bd2 Qe4 (38... d5 $17 39. Kg3 d4) 39. Qb3 $2 {[%mdl 8192] This move loses the game for White.} (39. Kg3 $11) 39... Qe2+ $19 {[%mdl 64] Double Attack} 40. Rf2 Qxg4+ {[%mdl 64] Double Attack} 41. Kh2 Qxh4+ {[%mdl 64] Double Attack} 42. Kg2 Qg4+ (42... Rh5 $142 43. Qb7+ Re7 44. Qxe7+ Qxe7 45. Kf3 Qb7+ 46. Kg3 Qh1 47. Rg2 Rh3+ 48. Kf2 Qd1 49. Be1 Qf3+ {[%mdl 64] Double Attack} 50. Kg1 Bxf4 51. Bf2 Qd1+ 52. Be1 Qxe1#) 43. Kf1 Bxf4 {Black mates.} 44. Qb7+ Kh6 45. Qh1+ Kg7 46. Bc3+ Be5 47. Qb7+ {[#]} Kf8 $1 48. Bxe5 Rxf2+ 49. Kxf2 {[%mdl 4096] Endgame KQR-KQB} Qf5+ 50. Kg2 Qxe5 51. Qa8+ Re8 52. Qf3+ Kg7 53. Qb7+ Re7 54. Qc8 {[#]} Qe2+ $1 55. Kg3 Re3+ 56. Kf4 Qf3+ 57. Kg5 Re5+ 58. Kh4 Rh5# {Av CentiPawn Loss W=-80/B=-17. Weighted=-85/-16} 0-1

[Event "Balkan Youth Online-ch 2020"]
[Site "Online"]
[Date "2020.10.31"]
[Round "4.25"]
[White "Djurovic, Peko"]
[Black "Zlatkov, Anton"]
[Result "0-1"]
[WhiteElo "2074"]
[BlackElo "2032"]
[Annotator "TA"]
[PlyCount "102"]
[EventDate "2020.10.31"]
[EventType "swiss"]
[SourceTitle "playchess.com"]
[Source "ChessBase"]
[SourceQuality "1"]

{[%evp 18,102,69,49,95,80,81,37,69,-179,-181,-166,-156,-283,-150,-193,-172,-208,-200,-187,-125,-144,-49,-145,-125,-127,-112,-163,-149,-149,-168,-217,0,0,0,0,19,15,13,0,0,0,0,0,0,-115,-177,-29970,-29970,-29970,-29971,-29971,-29972,-29965,-4133,-29975,-29976,-29976,-29977,-29977,-29978,-29978,-29979,-29980,-29981,-29981,-29982,-29983,-29983,-29984,-29985,-29985,-29985,-29985,-29985,-29987,-29988,-29988,-29989,-29989,-29990,-29990,-29988,-29988,-29989,-29989,-29990]} 1. e4 c5 2. Nf3 d6 3. d4 cxd4 4. Qxd4 Nc6 5. Bb5 Bd7 6. Bxc6 Bxc6 7. Nc3 Nf6 8. Bg5 e5 9. Qd3 Be7 10. O-O-O Qa5 {B53: Sicilian: 2...d6: Lines with Qxd4.} 11. Kb1 Rd8 {[%cal Ba8d8,Bd8c8,Bc8c3][%mdl 32]} 12. Nh4 {[#]} g6 $146 {White is slightly better.} ({Predecessor:} 12... Nxe4 13. Nxe4 Bxe4 14. Qxe4 Bxg5 15. Nf5 O-O 16. Nxd6 Qb6 17. Nc4 Qxf2 18. Nxe5 Rfe8 19. Rhf1 Bf6 20. Nd3 Qb6 21. Qb4 Rxd3 {0-1 (21) Schimmer,M (1900)-Toenniges,T (2105) Bad Homburg 2010}) 13. Qf3 $2 (13. Bxf6 $14 {stays ahead.} Bxf6 14. Nf3) 13... Nxe4 $1 $19 {[%mdl 64] Discovered Attack} 14. Nxe4 Bxg5 15. Qg4 (15. g3 $17) 15... Bxe4 (15... Be7 $1 $19 {aiming for ...h5.} 16. Nd2 f5) 16. Qxg5 Rc8 17. Rc1 Qa4 {[%cal Rc8c2]} 18. b3 Qc6 (18... Qa5 $1 $19 {[%cal Ra5c3] And now ...Qc3 would win.} 19. f3 Bxc2+ $1 {[%mdl 512]} 20. Rxc2 Rxc2 21. Kxc2 Qxa2+ 22. Kd3 Qxb3+ 23. Ke2 Qc2+ 24. Qd2 Qc4+ {[%mdl 64] Double Attack} 25. Qd3 Qxh4 26. Qxd6 Qc4+ 27. Kd2 Qd4+ 28. Qxd4 exd4) 19. Qd2 $17 O-O ({Better is} 19... g5 $17 20. Nf3 f6) 20. Rhd1 (20. f3 $15 Bd5 21. Nf5 $1 {[%mdl 512]}) 20... Qc3 21. Qxc3 Rxc3 22. Rxd6 (22. Rd2 $17 {was worth a try.}) 22... Rfc8 $19 {[%cal Rc3c2]} 23. Rd2 g5 24. f3 {[#]} gxh4 $2 (24... Bxc2+ $1 $19 {[%mdl 512]} 25. Rdxc2 (25. Rcxc2 Rxc2) 25... Rxc2 26. Rxc2 Rxc2 27. Kxc2 gxh4) 25. fxe4 {[%mdl 4096] Endgame KRR-KRR} Re3 26. Rd7 Re2 27. Rxb7 Rxg2 28. c4 Rxh2 29. Rg1+ Kf8 30. Rf1 Kg8 31. Rfxf7 (31. Rxa7 $11 {remains equal.} Rd8 32. Raxf7) 31... Rg2 $1 $17 {Black continues to play with concentration.} 32. Rxh7 $2 (32. Rf3 $19) 32... Rf8 {[%cal Rf8f1]} 33. Rbg7+ Rxg7 34. Rxh4 Rg2 {[%cal Rf8f1]} 35. Rh1 Rgf2 (35... Rff2 $142 36. Rd1 Rb2+ 37. Ka1 Rxa2+ 38. Kb1 Rab2+ 39. Ka1 Rxb3 40. c5 Rc3 41. Rd8+ Kf7 42. Kb1 Rc4 43. Rd7+ {[#]} Ke6 $1 {[%mdl 512]} 44. Rd6+ Ke7 45. Rd5 Rxe4 46. Rd1 Rb4+ 47. Kc1 Rc4+ {[%mdl 64] Double Attack} 48. Kb1 Rxc5 49. Rh1 e4 50. Rh3 Ke6 51. Re3 Rh5 52. Re1 Rb5+ 53. Ka1 e3 $1 {[%mdl 512]} 54. Rxe3+ Re5 55. Rb3 Re1+ 56. Rb1 Rxb1+ 57. Kxb1 a5 58. Ka1 a4 59. Kb1 a3 60. Ka1 Kd5 61. Kb1 Kc4 62. Kc1 a2 63. Kd1 a1=Q#) 36. c5 Rf1+ {Black mates.} 37. Rxf1 Rxf1+ {KR-KP} 38. Kc2 Kf7 39. b4 Ke6 40. Kc3 a6 41. a4 Ra1 42. Kb3 Re1 43. b5 axb5 44. axb5 Rxe4 {KR-KPP} 45. c6 Kd6 46. Kc3 Rd4 47. Kb3 e4 48. Kc3 Rd5 49. Kc4 e3 50. c7 {[#]} Kxc7 $1 {[%mdl 512]} 51. Kxd5 e2 {Av CentiPawn Loss W=-69/B=-38. Weighted=-160/-33} 0-1

[Event "Balkan Youth Online-ch 2020"]
[Site "Online"]
[Date "2020.10.31"]
[Round "4.26"]
[White "Ristic, Luka"]
[Black "Erdogan, Tekin Alp"]
[Result "0-1"]
[WhiteElo "2262"]
[BlackElo "1828"]
[Annotator "TA"]
[PlyCount "72"]
[EventDate "2020.10.31"]
[EventType "swiss"]
[SourceTitle "playchess.com"]
[Source "ChessBase"]
[SourceQuality "1"]

{[%evp 11,72,-2,1,-15,-7,-6,-1,0,0,-22,2,0,0,11,105,103,147,150,192,139,258,262,327,314,389,402,444,440,429,418,493,425,500,492,585,561,559,543,569,437,458,327,331,318,340,344,333,292,296,283,462,465,487,471,29986,29987,29985,-94,-106,-108,-106,-29998,-29999]} 1. d4 d5 2. Bf4 Nf6 3. e3 e6 4. Nf3 Bd6 5. Bg3 O-O 6. Bd3 c5 7. c3 {D02: 1 d4 d5 2 Nf3 sidelines, including 2...Nf6 3 g3 and 2...Nf6 3 Bf4.} b6 8. Nbd2 Bb7 9. Ne5 {The position is equal.} Qc7 10. f4 Nbd7 11. Qf3 Ne8 12. Bh4 {[#]} Bxe5 $146 (12... f5 $11) ({Predecessor:} 12... f5 13. g4 Bxe5 14. fxe5 Nxe5 15. dxe5 d4 16. Qf1 Bxh1 17. Qxh1 Rc8 18. gxf5 Qxe5 {0-1 (30) Zayed,S (1297)-Madduri,S (1632) Sharjah 2019}) 13. fxe5 $16 f6 14. Qh3 $36 {[%mdl 2048] Keeping Black busy.} f5 15. g4 ({Better is} 15. Nf3 $18) 15... Nxe5 (15... cxd4 $16 {might work better.} 16. cxd4 (16. exd4 Nxe5 17. dxe5 d4 $16) 16... g6) 16. dxe5 $18 Qxe5 17. O-O-O c4 18. Bc2 b5 19. gxf5 exf5 20. Bg3 Qf6 21. Rhf1 {[%cal Rc2f5]} Bc8 22. Nf3 g6 23. Be5 Qe7 24. Qg3 Nf6 25. Qh4 Be6 26. Nd4 Bd7 27. Bf4 b4 28. cxb4 Qxb4 29. Rg1 c3 {[%csl Gc3][%cal Rb4b2]} 30. Bb3 {Be5 is the strong threat.} a5 $2 (30... cxb2+ {was called for.} 31. Kxb2 Rae8) 31. Be5 a4 32. Qh6 $1 {White threatens Rxg6+ and mate.} ({Weaker is} 32. Bxf6 axb3 33. axb3 Ra1+ 34. Kc2 cxb2 $11) ({Don't blunder} 32. a3 $2 axb3 33. Rxg6+ hxg6 $19) 32... Rf7 {[#]} (32... cxb2+ $18 33. Kb1 Kf7) 33. Rxg6+ $1 {[%mdl 576] Clearance} hxg6 {[#]} 34. Qxg6+ $2 (34. Rg1 $1 {[%mdl 512] mates} cxb2+ 35. Kxb2 Qd2+ 36. Nc2 a3+ 37. Kb1 Qd1+ 38. Rxd1 Be8 39. Bxd5 {[%mdl 64] Double Attack}) 34... Kf8 $17 35. Bxf6 axb3 36. bxc3 $2 {[%mdl 8192]} (36. Nxb3 $17 Rxa2 37. Qh6+ Ke8 38. Qh8+ Qf8 39. Bxc3 Qxh8 40. Bxh8) 36... Qxc3+ {[%mdl 64] Double Attack. Never resign too early! Av CentiPawn Loss W=-84/B=-66. Weighted=-139/-107} 0-1

[Event "Balkan Youth Online-ch 2020"]
[Site "Online"]
[Date "2020.10.31"]
[Round "4.27"]
[White "Herega, Nejc"]
[Black "Stamatiou, Rodolfos"]
[Result "0-1"]
[WhiteElo "2052"]
[BlackElo "2015"]
[Annotator "TA"]
[PlyCount "74"]
[EventDate "2020.10.31"]
[EventType "swiss"]
[SourceTitle "playchess.com"]
[Source "ChessBase"]
[SourceQuality "1"]

{[%evp 14,74,-10,-5,34,-8,0,-10,-12,-11,4,-33,-21,-20,-25,-17,-14,-27,-15,-31,-23,-18,-27,-62,-33,-38,-29,-59,0,-23,-12,-31,-25,-31,-20,-29,-14,-12,-10,-14,-16,-430,-163,-347,-91,-104,22,-187,15,-359,-41,-62,-29,-1269,-1262,-1264,-1223,-5418,-3141,-29995,-29996,-29996,-29997]} 1. d4 Nf6 2. c4 e6 3. Nc3 d5 4. Nf3 dxc4 5. e3 a6 6. Bxc4 b5 7. Be2 {7.Bb3 is setting a new trend.} Bb7 8. O-O Bd6 {D26: Queen's Gambit Accepted: 4 e3 e6 5 Bxc5 c5 sidelines.} 9. b3 O-O 10. Bb2 Nbd7 {The position is equal.} 11. Rc1 Qe7 {[#]} 12. Qd2 $146 ({Predecessor:} 12. a4 b4 13. Nb1 Rfd8 14. Nbd2 c5 15. Qc2 Rac8 16. Qb1 h6 17. Rfd1 Bb8 18. h3 {½-½ (30) Epishin,V (2536)-Bindrich,F (2605) Caleta 2018}) 12... Rac8 13. Rfd1 Rfd8 14. Qe1 c5 15. dxc5 Nxc5 16. h3 h6 17. Nd4 Bb8 18. b4 Nce4 19. Nxe4 Nxe4 20. Bf3 Nd6 (20... Rc4 $15) 21. Bxb7 Qxb7 22. Qe2 Nc4 23. Ba1 Qe7 24. a4 Qxb4 25. axb5 axb5 26. Rb1 Qd6 $40 {[%mdl 128] ( -> ...Qh2+). Black is up to no good.} 27. Qg4 $2 {[%mdl 8192]} (27. g3 $1 $11) 27... Qh2+ $19 28. Kf1 {[#]} Ne5 $2 (28... Nd2+ $1 $19 {[%mdl 512]} 29. Ke2 (29. Rxd2 Qh1+) 29... h5 30. Qxh5 Nxb1) 29. Qe4 $17 Rd5 (29... f5 $17 30. Qb7 Rc7 31. Qxb5 Kh7) 30. Rxb5 $2 (30. Ke2 $1 $11 {and White is okay.} Ng6 31. Nxe6 Rxd1 32. Rxd1) 30... Rcd8 $2 (30... Rxb5 $19 31. Nxb5 f5 32. Bxe5 (32. Qb7 $2 Rc2 $19) 32... Qh1+ 33. Ke2 Qxd1+ 34. Kxd1 fxe4 35. Bxb8 Rxb8) 31. Rdb1 $2 {[%mdl 8192]} (31. Rxd5 $11 {and White has nothing to worry.} exd5 32. Qh4) 31... Nc4 $2 ({Better is} 31... Rxb5 $19 32. Rxb5 Qh1+ 33. Ke2 Qxa1 34. Rxe5 Bxe5 35. Qxe5 Qa8) 32. Rxd5 $15 exd5 33. Qg4 $2 {[%mdl 8192] [#]} (33. Qe7 $11 Rf8 34. Rd1) 33... Qh1+ $19 34. Ke2 Qxb1 35. Nc6 Qa2+ 36. Kf3 Nd2+ 37. Ke2 Ne4+ {[%mdl 64] Discovered Attack. Av CentiPawn Loss W=-153/B=-76. Weighted=-129/-85} 0-1

[Event "Balkan Youth Online-ch 2020"]
[Site "Online"]
[Date "2020.10.31"]
[Round "4.28"]
[White "Gregoric, Andraz"]
[Black "Skrbec, Leon"]
[Result "1/2-1/2"]
[WhiteElo "2037"]
[BlackElo "1964"]
[Annotator "TA"]
[PlyCount "84"]
[EventDate "2020.10.31"]
[EventType "swiss"]
[SourceTitle "playchess.com"]
[Source "ChessBase"]
[SourceQuality "1"]

{[%evp 15,84,12,14,0,0,0,0,-1,1,-91,-17,-24,-24,-24,-18,-21,0,0,0,0,0,-45,-51,-48,-34,-51,0,0,0,0,-8,-11,0,0,10,-164,12,0,0,0,0,0,0,0,0,0,0,0,0,0,0,-108,0,-162,0,0,0,0,0,-170,0,0,0,-18,-11,-44,-39,-39,-39,-44,0]} 1. e3 g6 2. Nf3 Bg7 3. d4 d5 4. c4 c6 5. Nc3 Nf6 6. cxd5 cxd5 7. Bd3 O-O 8. O-O Nc6 9. a3 {D94: Grünfeld: 4 Nf3 Bg7 5 e3.} Bg4 10. h3 Bxf3 11. Qxf3 {The position is equal.} a6 12. b4 (12. Qd1 $11) 12... Rc8 (12... e5 $17 13. Qd1 exd4) 13. Bb2 $11 e5 14. dxe5 Nxe5 {[%mdl 64] Double Attack} 15. Qe2 {[#]} Nc4 $146 ({Predecessor:} 15... b5 16. Ra2 Nxd3 17. Qxd3 Re8 18. Rd1 Ne4 19. Ne2 Bxb2 20. Rxb2 Qf6 21. Nd4 Rc3 {0-1 (29) Kramer,N (1705)-Meyer,F (1398) Verden 2006}) 16. Bxc4 dxc4 17. Rfd1 Qe7 18. Rd2 b5 19. Rad1 Rfd8 20. e4 Bh6 21. Rxd8+ Rxd8 22. Rxd8+ Qxd8 23. e5 Nh5 24. Ne4 Qd3 25. Qe1 $2 (25. Qxd3 $11 {and White stays safe.} cxd3 26. Kf1) 25... Bg7 $2 (25... Nf4 $19 26. Kh1 Bg7) 26. Nf6+ (26. Nc5 {is more complex.} Qd5 27. g3 Bf8 28. e6 Be7 29. Nxa6 f6 30. Nc5) 26... Nxf6 27. exf6 Bf8 28. g3 h5 29. h4 $1 Qd5 30. Qe3 Qe6 31. Qf3 Bh6 32. Bd4 Kh7 33. Qb7 (33. Kh2 $11 {remains equal.}) 33... Bd2 (33... g5 $1 $17 34. hxg5 Bxg5) 34. Qc7 $2 {[#]} (34. Qe7 $11) 34... Qe1+ $2 ({Black should play} 34... g5 $1 $19 {Hoping for ...gxh4.} 35. hxg5 Bxg5) 35. Kh2 Qe6 {next ...g5 is good for Black.} 36. Qc5 Bh6 37. Be5 $2 {[#]} (37. Qe7 $11 {and White is okay.}) 37... Kg8 $2 ({Black should try} 37... g5 $1 $19 {aiming for ...gxh4.} 38. hxg5 Bxg5) 38. f4 Bf8 39. Qd4 Qf5 40. Kg2 Qc2+ {Black is slightly better.} 41. Qf2 Qd3 42. Qf3 {Qxd3 is the strong threat.} Qc2+ {Av CentiPawn Loss W=-25/B=-24. Weighted=-30/-42} 1/2-1/2

[Event "Balkan Youth Online-ch 2020"]
[Site "Online"]
[Date "2020.10.31"]
[Round "4.29"]
[White "Xhembulla, Aleksander"]
[Black "Dobre, Radu-Fabian"]
[Result "1/2-1/2"]
[WhiteElo "1739"]
[BlackElo "2050"]
[Annotator "TA"]
[PlyCount "56"]
[EventDate "2020.10.31"]
[EventType "swiss"]
[SourceTitle "playchess.com"]
[Source "ChessBase"]
[SourceQuality "1"]

{[%evp 13,56,-18,24,29,37,28,15,25,21,0,5,-43,53,43,62,31,37,32,37,21,21,16,23,16,23,-10,-18,-18,0,0,0,0,0,0,0,0,0,0,0,0,0,0,0,0,0]} 1. e4 e5 2. Nf3 Nc6 3. d4 exd4 4. Nxd4 Bc5 5. Nb3 Bb6 6. Nc3 Nf6 7. Bg5 d6 (7... h6 {feels hotter.} 8. Bh4 O-O 9. f3 Re8 10. Qe2 Nd4) 8. Qe2 {C45: Scotch Game.} h6 9. Be3 Be6 10. O-O-O Qe7 11. f3 O-O-O 12. Qf2 {[#]} Rhe8 $146 ({Better is} 12... Bxe3+ $15 13. Qxe3 Bxb3 14. axb3 d5) ({Predecessor:} 12... Bxe3+ 13. Qxe3 Bxb3 14. axb3 d5 15. Nb5 dxe4 16. Nxa7+ Nxa7 17. Rxd8+ Rxd8 18. Qxa7 c6 19. fxe4 Nxe4 {1-0 (34) Ofitserian,B (2141)-Khusnutdinova,A (2025) Kolomna 2014}) 13. Bb5 Bd7 14. Rhe1 Bxe3+ 15. Qxe3 Kb8 $1 16. Nd4 Nxd4 17. Qxd4 a6 18. Bxd7 Qxd7 19. Nd5 (19. Kb1 {is interesting.} Qe6 20. g3 Qe5 21. Qd2 Nd7 22. Nd5) 19... Nxd5 {The position is equal.} 20. Qxd5 Re5 21. Qxe5 dxe5 22. Rxd7 Rxd7 $11 {[%mdl 4096] Endgame KR-KR} 23. Rd1 Kc8 24. Rxd7 Kxd7 25. Kd2 Kd6 26. Kd3 c5 27. c4 Kc6 28. Kc3 b6 {Av CentiPawn Loss W=-7/B=-6. Weighted=-7/-7} 1/2-1/2